[Event "9. Oeffinger Schachopen"]
[Site "Fellbach-Oeffingen"]
[Date "2018.05.20"]
[Round "4.3"]
[White "Süss, Stefan"]
[Black "Schnepp, Gunnar"]
[Result "0-1"]
[WhiteElo "1915"]
[BlackElo "2332"]
[PlyCount "62"]
[EventDate "2018.??.??"]
[WhiteTeam "SG Schwabing München"]
[BlackTeam "SK Lauffen"]

1. e4 c5 2. Nf3 d6 3. d4 cxd4 4. Nxd4 Nf6 5. Nc3 a6 6. Bc4 e6 7. Bb3 b5 8. O-O
Be7 9. f4 Bb7 10. f5 e5 11. Nf3 Nxe4 12. Nxe4 Bxe4 13. f6 gxf6 14. Bxf7+ Kxf7
15. Ng5+ Ke8 16. Nxe4 Qb6+ 17. Kh1 Nd7 18. Bh6 Qc6 19. Qe2 Rg8 20. Rad1 Rg6 21.
Bc1 Kf7 22. Rf3 Rag8 23. Rc3 Nc5 24. Ng3 Qb7 25. Rf3 h5 26. Rf2 h4 27. Nf5 Ne4
28. Nh6+ Rxh6 29. Bxh6 Nxf2+ 30. Qxf2 h3 31. Rg1 Qe4 0-1

[Event "9. Oeffinger Schachopen"]
[Site "Fellbach-Oeffingen"]
[Date "2018.05.20"]
[Round "4.4"]
[White "Steinhart, Christoph"]
[Black "Neyman, Igor"]
[Result "1/2-1/2"]
[WhiteElo "1985"]
[BlackElo "2321"]
[PlyCount "43"]
[EventDate "2018.??.??"]
[WhiteTeam "TSV Schönaich"]
[BlackTeam "Stuttgarter SF"]

1. e4 c5 2. c4 Nc6 3. Nc3 g6 4. g3 Bg7 5. Bg2 a6 6. Nge2 Rb8 7. a4 e6 8. d3
Nge7 9. O-O O-O 10. Bf4 d6 11. Qd2 Nd4 12. Nxd4 cxd4 13. Ne2 Nc6 14. Bh6 a5 15.
Bxg7 Kxg7 16. f4 e5 17. f5 f6 18. g4 Bd7 19. Ng3 g5 20. Kf2 h6 21. h4 Be8 22.
Rh1 1/2-1/2

[Event "9. Oeffinger Schachopen"]
[Site "Fellbach-Oeffingen"]
[Date "2018.05.20"]
[Round "4.5"]
[White "Degenhardt, Horst"]
[Black "Weida, Alexander"]
[Result "1/2-1/2"]
[WhiteElo "2225"]
[BlackElo "1980"]
[PlyCount "29"]
[EventDate "2018.??.??"]
[WhiteTeam "SC Lorsch"]
[BlackTeam "SC Waiblingen"]

1. e4 e6 2. Nc3 d5 3. d4 Bb4 4. Nge2 Ne7 5. a3 Bxc3+ 6. Nxc3 dxe4 7. Nxe4 Nbc6
8. Be3 Nf5 9. Bb5 Bd7 10. Nc5 Nxe3 11. fxe3 a6 12. Bd3 Qh4+ 13. g3 Qg5 14. Qf3
O-O-O 15. Nxd7 1/2-1/2

[Event "9. Oeffinger Schachopen"]
[Site "Fellbach-Oeffingen"]
[Date "2018.05.20"]
[Round "4.6"]
[White "Esterluss, Johannes"]
[Black "Zehring, Mathias"]
[Result "1/2-1/2"]
[WhiteElo "2022"]
[BlackElo "1857"]
[PlyCount "27"]
[EventDate "2018.??.??"]
[WhiteTeam "SC Lorsch"]
[BlackTeam "SC Waiblingen"]

1. d4 Nf6 2. Nf3 g6 3. e3 Bg7 4. Be2 d6 5. O-O O-O 6. c4 c5 7. Nc3 b6 8. b3 Bb7
9. Bb2 e6 10. Qc2 Nbd7 11. Rad1 Qe7 12. Rfe1 Rfd8 13. dxc5 dxc5 14. Rd2 1/2-1/2

[Event "9. Oeffinger Schachopen"]
[Site "Fellbach-Oeffingen"]
[Date "2018.05.20"]
[Round "4.7"]
[White "Kozina, Vinko"]
[Black "Engbrecht, Helmut"]
[Result "0-1"]
[WhiteElo "1842"]
[BlackElo "1996"]
[PlyCount "120"]
[EventDate "2018.??.??"]
[WhiteTeam "TSV/RSK Esslingen"]
[BlackTeam "SV Schorndorf"]

1. d4 d5 2. c4 Nc6 3. Nf3 Bg4 4. e3 e5 5. Be2 Bxf3 6. Bxf3 exd4 7. O-O Nf6 8.
exd4 Be7 9. Re1 O-O 10. Nc3 dxc4 11. d5 Nb4 12. Be2 Nbxd5 13. Nxd5 Nxd5 14.
Bxc4 Nb6 15. Bd3 Bf6 16. Qc2 g6 17. Be4 Re8 18. Bd2 c6 19. Rad1 Qc7 20. g3 Rad8
21. h4 Bg7 22. h5 f5 23. Bf3 Qf7 24. hxg6 hxg6 25. b3 Rxe1+ 26. Rxe1 Re8 27.
Rd1 Qf6 28. a4 Qb2 29. Qxb2 Bxb2 30. Be3 Kf7 31. a5 Nc8 32. a6 bxa6 33. Bxc6
Re7 34. Bd5+ Kf6 35. Bf3 g5 36. Bc5 Rc7 37. b4 a5 38. Be2 a4 39. Rd2 a3 40. Bc4
a5 41. Ba2 axb4 42. Bxb4 Rc6 43. Kg2 Nb6 44. Rd3 Na4 45. Bxa3 Bxa3 46. Rxa3 Nc3
47. Bb3 g4 48. Ra5 Ne2 49. Rd5 Nc3 50. Rd2 Ke5 51. f3 gxf3+ 52. Kxf3 Rc5 53.
Rd3 Ne4 54. Bg8 Rc2 55. Rd5+ Kf6 56. g4 Ng5+ 57. Kg3 Rc3+ 58. Kg2 fxg4 59. Rd4
Kf5 60. Bd5 Nh3 0-1

[Event "9. Oeffinger Schachopen"]
[Site "Fellbach-Oeffingen"]
[Date "2018.05.20"]
[Round "4.8"]
[White "Mück, Heinz-Peter"]
[Black "Reichenbächer, Thomas"]
[Result "1/2-1/2"]
[WhiteElo "1850"]
[BlackElo "1979"]
[PlyCount "58"]
[EventDate "2018.??.??"]
[WhiteTeam "SC Plüderhausen"]
[BlackTeam "SVG Konstanz"]

1. g4 c5 2. Bg2 Nc6 3. d3 d6 4. e4 g6 5. Nc3 Bg7 6. Be3 Bd7 7. h3 e6 8. Qd2 Qa5
9. Nge2 Nd4 10. O-O Nxe2+ 11. Nxe2 Qxd2 12. Bxd2 Bc6 13. Bc3 Bxc3 14. Nxc3 Ne7
15. f4 f5 16. exf5 Bxg2 17. Kxg2 gxf5 18. Rae1 Kd7 19. Re2 fxg4 20. hxg4 h5 21.
Rfe1 Ng6 22. Kg3 e5 23. fxe5 Nxe5 24. g5 Raf8 25. Rxe5 dxe5 26. Rxe5 Kd6 27.
Re2 h4+ 28. Kh2 Rf5 29. Ne4+ Kc6 1/2-1/2

[Event "9. Oeffinger Schachopen"]
[Site "Fellbach-Oeffingen"]
[Date "2018.05.20"]
[Round "5.1"]
[White "Beckers, Manfred"]
[Black "Gheng, Josef"]
[Result "0-1"]
[WhiteElo "1890"]
[BlackElo "2328"]
[PlyCount "136"]
[EventDate "2018.??.??"]
[WhiteTeam "SC Plüderhausen"]
[BlackTeam "SK Wernau"]

1. c4 Nf6 2. Nc3 c5 3. g3 g6 4. Bg2 Bg7 5. Nf3 O-O 6. O-O d5 7. cxd5 Nxd5 8.
Nxd5 Qxd5 9. d3 Nc6 10. Qa4 Nb4 11. Ng5 Qd6 12. Ne4 Qc7 13. Bf4 e5 14. Be3 Bd7
15. Qd1 b6 16. Qd2 f5 17. Nc3 Bc6 18. Bh6 Rad8 19. Bxg7 Kxg7 20. a3 Bxg2 21.
Kxg2 Nc6 22. Qc1 Qb7 23. Kg1 Nd4 24. Rb1 h5 25. b4 cxb4 26. Rxb4 Rc8 27. Qe3
Rfe8 28. Nb5 Nc2 29. Qd2 Qe7 30. Rb3 Rc5 31. Rc3 Nd4 32. Nxd4 exd4 33. Rxc5
Qxc5 34. Rc1 Rxe2 35. Rxc5 Rxd2 36. Rc7+ Kf6 37. Rxa7 Rxd3 38. f4 Rb3 39. a4
Ke6 40. a5 Kd5 41. a6 Ra3 42. Rd7+ Kc6 43. Rxd4 Rxa6 44. Kf2 Ra2+ 45. Ke3 Rxh2
46. Rd8 h4 47. gxh4 Rxh4 48. Re8 Rg4 49. Re5 b5 50. Kf3 Kb6 51. Re8 Kc5 52.
Rc8+ Kd4 53. Rb8 Kc4 54. Rc8+ Kb3 55. Rc6 b4 56. Rb6 Kc3 57. Rc6+ Kb2 58. Rb6
b3 59. Rc6 Ka2 60. Ra6+ Kb1 61. Rb6 b2 62. Rc6 g5 63. fxg5 Rxg5 64. Rc5 Ka2 65.
Ra5+ Kb3 66. Rb5+ Kc3 67. Kf2 f4 68. Rb8 Rc5 0-1

[Event "9. Oeffinger Schachopen"]
[Site "Fellbach-Oeffingen"]
[Date "2018.05.20"]
[Round "5.2"]
[White "Schnepp, Gunnar"]
[Black "Gustain, Marc"]
[Result "1-0"]
[WhiteElo "2332"]
[BlackElo "2142"]
[PlyCount "143"]
[EventDate "2018.??.??"]
[WhiteTeam "SK Lauffen"]
[BlackTeam "SF Deizisau"]

1. d4 d5 2. c4 dxc4 3. e3 e5 4. Bxc4 exd4 5. exd4 Nf6 6. Qb3 Qe7+ 7. Be3 Qb4+
8. Nc3 Qxb3 9. Bxb3 Bb4 10. Nf3 O-O 11. O-O c6 12. Bg5 Nbd7 13. Rfe1 h6 14. Bd2
Nb6 15. Ne4 Nfd5 16. Bxb4 Nxb4 17. Nc3 Bg4 18. Re7 Bxf3 19. gxf3 Rab8 20. Rd1
Nc8 21. Rd7 Nb6 22. Re7 Nc8 23. Rc7 Na6 24. Rd7 Nb6 25. Re7 Nc8 26. Rd7 Nb6 27.
Re7 Nc8 28. Re5 Nd6 29. Ne4 Nxe4 30. fxe4 Rbe8 31. Rxe8 Rxe8 32. f3 Kf8 33. Kf2
Ke7 34. Rc1 Rd8 35. Ke3 Rd6 36. Rg1 Kf8 37. e5 Rd8 38. f4 Nc7 39. f5 Nd5+ 40.
Ke4 Nc7 41. Bc4 a6 42. a3 Nb5 43. Bxb5 axb5 44. h4 Ra8 45. Rg3 Ra4 46. b4 Ra8
47. d5 cxd5+ 48. Kxd5 Rc8 49. e6 Rc6 50. h5 Rc4 51. Ke5 fxe6 52. fxe6 Rh4 53.
Rf3+ Ke8 54. Kd6 Rd4+ 55. Ke5 Rh4 56. Rc3 Kd8 57. Rd3+ Ke8 58. Kd6 b6 59. Rd5
Rh3 60. Rxb5 Rd3+ 61. Ke5 Re3+ 62. Kd6 Rd3+ 63. Kc6 Rxa3 64. Re5 Rg3 65. Kxb6
Rg5 66. Rxg5 hxg5 67. Kc5 Ke7 68. Kd5 g4 69. Ke4 g3 70. Kf3 g2 71. Kxg2 Kxe6
72. Kf3 1-0

[Event "9. Oeffinger Schachopen"]
[Site "Fellbach-Oeffingen"]
[Date "2018.05.20"]
[Round "5.3"]
[White "Neyman, Igor"]
[Black "Engbrecht, Helmut"]
[Result "1-0"]
[WhiteElo "2321"]
[BlackElo "1996"]
[PlyCount "49"]
[EventDate "2018.??.??"]
[WhiteTeam "Stuttgarter SF"]
[BlackTeam "SV Schorndorf"]

1. d4 d5 2. c4 Nc6 3. Nc3 e6 4. Nf3 Nf6 5. Bg5 Bb4 6. e3 h6 7. Bh4 g5 8. Bg3
Ne4 9. Nd2 Nxc3 10. bxc3 Bxc3 11. Rc1 Bb4 12. h4 Bd6 13. Bxd6 cxd6 14. cxd5
exd5 15. hxg5 Qxg5 16. Rh5 Qe7 17. Rxd5 Be6 18. Rh5 Nxd4 19. Qa4+ Nc6 20. Rxc6
Bd7 21. Qd4 Rg8 22. Rxd6 O-O-O 23. Rhd5 f5 24. Qxa7 f4 25. Rc5+ 1-0

[Event "9. Oeffinger Schachopen"]
[Site "Fellbach-Oeffingen"]
[Date "2018.05.20"]
[Round "5.4"]
[White "Kumcu, Murat"]
[Black "Degenhardt, Horst"]
[Result "0-1"]
[WhiteElo "1889"]
[BlackElo "2225"]
[PlyCount "74"]
[EventDate "2018.??.??"]
[WhiteTeam "SC Waiblingen"]
[BlackTeam "SC Lorsch"]

1. e4 c6 2. d4 d5 3. exd5 cxd5 4. Bd3 Nc6 5. c3 Qc7 6. Ne2 Bg4 7. O-O e6 8. Bf4
Qxf4 9. Nxf4 Bxd1 10. Rxd1 Bd6 11. Ne2 Nge7 12. Nd2 O-O 13. Nf3 Rfc8 14. Rac1
Na5 15. Nd2 a6 16. b4 Nc4 17. Nxc4 dxc4 18. Be4 Rc7 19. a3 a5 20. Ra1 f5 21.
Bf3 g5 22. g3 Nd5 23. Rac1 b6 24. Rc2 axb4 25. axb4 Kf7 26. Bxd5 exd5 27. f4 g4
28. Kf2 h5 29. Ng1 Re7 30. Re1 Re4 31. h3 h4 32. Rxe4 hxg3+ 33. Kxg3 dxe4 34.
hxg4 Rg8 35. Nh3 Rxg4+ 36. Kf2 Bxf4 37. d5 Be5 0-1

[Event "9. Oeffinger Schachopen"]
[Site "Fellbach-Oeffingen"]
[Date "2018.05.20"]
[Round "5.5"]
[White "Pfrommer, Martin"]
[Black "Weida, Alexander"]
[Result "1/2-1/2"]
[WhiteElo "2002"]
[BlackElo "1980"]
[PlyCount "76"]
[EventDate "2018.??.??"]
[WhiteTeam "SV Schorndorf"]
[BlackTeam "SC Waiblingen"]

1. e4 e6 2. d4 d5 3. exd5 exd5 4. Bd3 Bd6 5. Nc3 Ne7 6. Nf3 Bg4 7. h3 Bh5 8.
Nb5 Nbc6 9. Nxd6+ Qxd6 10. c3 f6 11. g4 Bg6 12. Qc2 O-O-O 13. Be3 Kb8 14. O-O-O
Na5 15. b3 Bxd3 16. Rxd3 Ng6 17. Rd2 Rde8 18. Rdd1 Nf4 19. Nh4 Re6 20. Kb1 g5
21. Nf5 Qa6 22. Bxf4 gxf4 23. Rhe1 Rhe8 24. Rxe6 Rxe6 25. Qd3 Qb6 26. Kc2 Nc6
27. Rd2 a5 28. Re2 Nd8 29. Ng7 Rxe2+ 30. Qxe2 Qd6 31. Kb2 Ka7 32. f3 a4 33. Ne8
Qc6 34. Qe7 Ne6 35. h4 Qa6 36. Nxf6 Qe2+ 37. Ka3 axb3 38. axb3 Qa6+ 1/2-1/2

[Event "9. Oeffinger Schachopen"]
[Site "Fellbach-Oeffingen"]
[Date "2018.05.20"]
[Round "5.6"]
[White "Graf, Michael"]
[Black "Esterluss, Johannes"]
[Result "1/2-1/2"]
[WhiteElo "1782"]
[BlackElo "2022"]
[PlyCount "70"]
[EventDate "2018.??.??"]
[WhiteTeam "SC Grunbach"]
[BlackTeam "SC Lorsch"]

1. b4 Nf6 2. Bb2 e6 3. b5 d5 4. e3 Nbd7 5. Nf3 Bd6 6. c4 O-O 7. Be2 Qe7 8. a4
c5 9. d3 Rd8 10. Nbd2 a5 11. Qb3 b6 12. h3 Bb7 13. O-O-O Rac8 14. g4 dxc4 15.
dxc4 Ne4 16. Nxe4 Bxe4 17. Qc3 f6 18. Rhg1 Bxf3 19. Bxf3 Be5 20. Qc2 Bxb2+ 21.
Kxb2 Nf8 22. Be4 Rxd1 23. Rxd1 Rd8 24. f4 Rd6 25. Rg1 Kh8 26. Rg2 f5 27. Bf3 g6
28. Ka2 Nd7 29. Qb2+ Qf6 30. Qc2 Qg7 31. Bc6 Nf6 32. Bf3 Ne8 33. Bc6 Nf6 34.
Bf3 Ne8 35. Bc6 Nf6 1/2-1/2

[Event "9. Oeffinger Schachopen"]
[Site "Fellbach-Oeffingen"]
[Date "2018.05.20"]
[Round "5.7"]
[White "Scholl, Martin"]
[Black "Süss, Stefan"]
[Result "1-0"]
[WhiteElo "2049"]
[BlackElo "1915"]
[PlyCount "51"]
[EventDate "2018.??.??"]
[WhiteTeam "TSV/RSK Esslingen"]
[BlackTeam "SG Schwabing München"]

1. c4 e5 2. Nc3 f5 3. e3 Nf6 4. d4 Nc6 5. Nf3 e4 6. Nd2 Be7 7. f3 O-O 8. Be2 f4
9. Ndxe4 Nxe4 10. Nxe4 Bh4+ 11. g3 fxg3 12. hxg3 Be7 13. Bd2 a5 14. a3 d6 15.
Bd3 Bf5 16. Qc2 Qd7 17. O-O-O Ra7 18. f4 d5 19. cxd5 Nb4 20. axb4 axb4 21. Qb3
c6 22. d6+ Kh8 23. dxe7 Qxe7 24. Bxb4 c5 25. Bxc5 Rc8 26. Kd2 1-0

[Event "9. Oeffinger Schachopen"]
[Site "Fellbach-Oeffingen"]
[Date "2018.05.21"]
[Round "6.1"]
[White "Gheng, Josef"]
[Black "Schnepp, Gunnar"]
[Result "0-1"]
[WhiteElo "2328"]
[BlackElo "2332"]
[PlyCount "78"]
[EventDate "2018.??.??"]
[WhiteTeam "SK Wernau"]
[BlackTeam "SK Lauffen"]

1. c4 c5 2. Nf3 Nf6 3. g3 d5 4. cxd5 Nxd5 5. Bg2 Nc6 6. O-O e5 7. Nxe5 Nxe5 8.
d4 Nc6 9. e4 Nb6 10. d5 Nd4 11. Nc3 Be7 12. Be3 O-O 13. Bxd4 cxd4 14. Qxd4 f6
15. Kh1 Bd6 16. f4 Qe7 17. Rfe1 Bc5 18. Qd3 Bg4 19. e5 fxe5 20. Rxe5 Qd7 21.
Ne4 Bd6 22. Ng5 Bf5 23. Rxf5 Rxf5 24. Be4 g6 25. Ne6 Rf6 26. f5 gxf5 27. Bxf5
Be5 28. Be4 Re8 29. Qe2 Nxd5 30. Rd1 Rfxe6 31. Bxd5 Kh8 32. Bxe6 Qxe6 33. Qe4
Qc6 34. Qxc6 bxc6 35. Re1 Re7 36. b3 Kg7 37. Re4 Bd6 38. Ra4 Kf6 39. Ra6 Rc7
0-1

[Event "9. Oeffinger Schachopen"]
[Site "Fellbach-Oeffingen"]
[Date "2018.05.21"]
[Round "6.3"]
[White "Gustain, Marc"]
[Black "Graf, Michael"]
[Result "1-0"]
[WhiteElo "2142"]
[BlackElo "1782"]
[PlyCount "129"]
[EventDate "2018.??.??"]
[WhiteTeam "SF Deizisau"]
[BlackTeam "SC Grunbach"]

1. e4 c5 2. Nc3 e6 3. Nf3 a6 4. d4 cxd4 5. Nxd4 Qc7 6. Qd3 b6 7. Qg3 d6 8. Be3
Bb7 9. Bd3 Nd7 10. O-O-O Rc8 11. f4 Ngf6 12. Kb1 Nc5 13. e5 dxe5 14. fxe5 Nfe4
15. Nxe4 Nxe4 16. Bxe4 Bxe4 17. Ka1 Ba3 18. Bc1 Bf8 19. Bg5 Qc4 20. Rhe1 Bd5
21. b3 Qc3+ 22. Qxc3 Rxc3 23. Kb2 Rc8 24. g3 Be7 25. Bxe7 Kxe7 26. c4 Bb7 27.
Rd2 Rc5 28. Nc2 Rhc8 29. Nb4 R8c7 30. Rd4 Rd7 31. Rxd7+ Kxd7 32. Kc3 f6 33. Nd3
Rc7 34. Nf4 f5 35. Rd1+ Ke7 36. Rd6 Rc6 37. Rxc6 Bxc6 38. Kd4 a5 39. a3 Bf3 40.
b4 axb4 41. axb4 g5 42. Nd3 Kd7 43. Nb2 Kc6 44. Na4 b5 45. Nc5 bxc4 46. Nxe6 g4
47. Nf4 Kb5 48. Kc3 Bc6 49. Ne6 Bd5 50. Nd4+ Kb6 51. Nxf5 Kc7 52. Ne3 Be6 53.
Nxc4 Kc6 54. Ne3 Kb5 55. Nc2 Bd5 56. Na3+ Kc6 57. Kd4 Be6 58. Ke4 h6 59. Nc2
Bg8 60. Nd4+ Kd7 61. Kf5 h5 62. Kf6 Bd5 63. e6+ Ke8 64. Nf5 Bc6 65. Nd6+ 1-0

[Event "9. Oeffinger Schachopen"]
[Site "Fellbach-Oeffingen"]
[Date "2018.05.21"]
[Round "6.4"]
[White "Weida, Alexander"]
[Black "Scholl, Martin"]
[Result "0-1"]
[WhiteElo "1980"]
[BlackElo "2049"]
[PlyCount "100"]
[EventDate "2018.??.??"]
[WhiteTeam "SC Waiblingen"]
[BlackTeam "TSV/RSK Esslingen"]

1. e4 b6 2. g3 Bb7 3. Bg2 c5 4. d3 e6 5. Nf3 d5 6. Nbd2 Nf6 7. Qe2 Be7 8. O-O
Nc6 9. e5 Nd7 10. Re1 a5 11. Nf1 a4 12. a3 b5 13. h4 b4 14. Bf4 h6 15. h5 bxa3
16. bxa3 Nf8 17. Rab1 Ba6 18. c4 g5 19. hxg6 Nxg6 20. Bd2 Rc8 21. Qd1 dxc4 22.
Qxa4 c3 23. Qxa6 cxd2 24. N1xd2 O-O 25. Rb7 Nd4 26. Nxd4 cxd4 27. Nc4 Bc5 28.
Qb5 h5 29. Qb2 h4 30. Qd2 hxg3 31. fxg3 Kg7 32. Qf2 Be7 33. Rf1 Rxc4 34. dxc4
Nxe5 35. Qf4 Ng6 36. Qe4 d3 37. Rd1 Bc5+ 38. Kh2 Rh8+ 39. Bh3 Qf6 40. Rxd3 Qf1
41. Rxf7+ Qxf7 42. Rf3 Qd7 43. Rd3 Qf7 44. Rf3 Qe7 45. Rb3 Qf6 46. Rb7+ Be7 47.
Kg2 Rd8 48. Bxe6 Rd2+ 49. Kh3 Qf1+ 50. Kg4 Qd1+ 0-1

[Event "9. Oeffinger Schachopen"]
[Site "Fellbach-Oeffingen"]
[Date "2018.05.21"]
[Round "6.5"]
[White "Beckers, Manfred"]
[Black "Pfrommer, Martin"]
[Result "1/2-1/2"]
[WhiteElo "1890"]
[BlackElo "2002"]
[PlyCount "26"]
[EventDate "2018.??.??"]
[WhiteTeam "SC Plüderhausen"]
[BlackTeam "SV Schorndorf"]

1. c4 e5 2. Nc3 Nf6 3. e3 Nc6 4. d4 exd4 5. exd4 d5 6. Nf3 Be7 7. h3 Bf5 8. Bd3
Bxd3 9. Qxd3 Nb4 10. Qe2 dxc4 11. O-O O-O 12. Qxc4 c6 13. Bg5 Nfd5 1/2-1/2

[Event "9. Oeffinger Schachopen"]
[Site "Fellbach-Oeffingen"]
[Date "2018.05.21"]
[Round "6.6"]
[White "Engbrecht, Helmut"]
[Black "Reichenbächer, Thomas"]
[Result "1/2-1/2"]
[WhiteElo "1996"]
[BlackElo "1979"]
[PlyCount "37"]
[EventDate "2018.??.??"]
[WhiteTeam "SV Schorndorf"]
[BlackTeam "SVG Konstanz"]

1. f4 d5 2. Nf3 Nf6 3. e3 g6 4. b3 Bg7 5. Bb2 O-O 6. Be2 c5 7. O-O Nc6 8. Ne5
Nxe5 9. Bxe5 b6 10. Bf3 Bb7 11. c4 e6 12. d4 Qe7 13. Nd2 Ne4 14. Bxg7 Kxg7 15.
Qc2 cxd4 16. Nxe4 dxe4 17. Bxe4 dxe3 18. Bxb7 Qxb7 19. Qc3+ 1/2-1/2

[Event "9. Oeffinger Schachopen"]
[Site "Fellbach-Oeffingen"]
[Date "2018.05.21"]
[Round "6.7"]
[White "Siegle, Florian"]
[Black "Löhr, Markus"]
[Result "0-1"]
[WhiteElo "1947"]
[BlackElo "2200"]
[PlyCount "66"]
[EventDate "2018.??.??"]
[WhiteTeam "Stuttgarter SF"]
[BlackTeam "SK Schmiden/Cannstatt"]

1. g4 d5 2. Bg2 c6 3. c4 dxc4 4. Na3 Bxg4 5. Nxc4 Nf6 6. Qb3 Qc7 7. d4 Nbd7 8.
Bd2 a5 9. a4 e6 10. Nh3 Bxh3 11. Bxh3 Ne4 12. Qe3 Nxd2 13. Nxd2 Be7 14. Rg1 g6
15. Rc1 Nf6 16. Nf3 Nd5 17. Qb3 Qb6 18. Qc2 Bd6 19. Qe4 O-O-O 20. Kf1 Kb8 21.
e3 h6 22. Kg2 g5 23. Ne5 f5 24. Nxc6+ bxc6 25. Qxe6 g4 26. Qxf5 gxh3+ 27. Kxh3
Rhf8 28. Qc2 Nb4 29. Qe2 Qc7 30. Rg6 Qf7 31. Rcg1 Qf5+ 32. Qg4 Qxf2 33. Rxd6
Rxd6 0-1

[Event "9. Oeffinger Schachopen"]
[Site "Fellbach-Oeffingen"]
[Date "2018.05.21"]
[Round "6.8"]
[White "Esterluss, Johannes"]
[Black "Gheng, Dominik"]
[Result "1/2-1/2"]
[WhiteElo "2022"]
[BlackElo "1939"]
[PlyCount "87"]
[EventDate "2018.??.??"]
[WhiteTeam "SC Lorsch"]
[BlackTeam "Schach-Kids Bernhausen"]

1. d4 d5 2. Nf3 Nf6 3. Nbd2 e6 4. e3 Be7 5. Bd3 O-O 6. O-O b6 7. Ne5 Bb7 8. Qe2
c5 9. c3 Nbd7 10. Ndf3 Bd6 11. Nxd7 Nxd7 12. e4 dxe4 13. Bxe4 Bxe4 14. Qxe4 Nf6
15. Qh4 Nd5 16. Qe4 cxd4 17. Qxd4 Qf6 18. Qxf6 Nxf6 19. Bg5 Ne4 20. Be3 Rfd8
21. Rfe1 Nc5 22. g3 Nd3 23. Re2 Bc5 24. Rb1 Rd6 25. Bd4 Bxd4 26. Nxd4 e5 27.
Nf5 Rd7 28. Rd2 Rad8 29. Rbd1 g6 30. Ne3 f5 31. c4 Kf7 32. b3 e4 33. Kf1 Ke6
34. Ra1 g5 35. Nc2 f4 36. Rdd1 Nxf2 37. Rxd7 Rxd7 38. Re1 Rd2 39. Re2 e3 40.
Ne1 Ne4 41. gxf4 gxf4 42. Nf3 Nc3 43. Nxd2 Nxe2 44. Kxe2 1/2-1/2

[Event "9. Oeffinger Schachopen"]
[Site "Fellbach-Oeffingen"]
[Date "2018.05.22"]
[Round "7.1"]
[White "Schnepp, Gunnar"]
[Black "Degenhardt, Horst"]
[Result "1/2-1/2"]
[WhiteElo "2332"]
[BlackElo "2225"]
[PlyCount "38"]
[EventDate "2018.??.??"]
[WhiteTeam "SK Lauffen"]
[BlackTeam "SC Lorsch"]

1. d4 d5 2. c4 e6 3. Nc3 a6 4. cxd5 exd5 5. Nf3 Nf6 6. Bg5 Be6 7. g3 Nbd7 8.
Bg2 Bd6 9. O-O O-O 10. Qc2 c6 11. e4 dxe4 12. Nxe4 Be7 13. Nc5 Nxc5 14. dxc5
Nd7 15. Be3 Bd5 16. Rfd1 Re8 17. b4 h6 18. Nd4 Nf6 19. Nf5 Bf8 1/2-1/2

[Event "9. Oeffinger Schachopen"]
[Site "Fellbach-Oeffingen"]
[Date "2018.05.22"]
[Round "7.2"]
[White "Neyman, Igor"]
[Black "Gheng, Josef"]
[Result "1/2-1/2"]
[WhiteElo "2321"]
[BlackElo "2328"]
[PlyCount "36"]
[EventDate "2018.??.??"]
[WhiteTeam "Stuttgarter SF"]
[BlackTeam "SK Wernau"]

1. d4 Nf6 2. c4 e6 3. Nc3 Bb4 4. e3 b6 5. Nge2 Bb7 6. a3 Be7 7. d5 O-O 8. Ng3
d6 9. Be2 c6 10. e4 Nbd7 11. O-O Rc8 12. Be3 Re8 13. Rc1 Bf8 14. dxe6 Rxe6 15.
b4 c5 16. f3 cxb4 17. axb4 a5 18. bxa5 bxa5 1/2-1/2

[Event "9. Oeffinger Schachopen"]
[Site "Fellbach-Oeffingen"]
[Date "2018.05.22"]
[Round "7.3"]
[White "Scholl, Martin"]
[Black "Gustain, Marc"]
[Result "1/2-1/2"]
[WhiteElo "2049"]
[BlackElo "2142"]
[PlyCount "148"]
[EventDate "2018.??.??"]
[WhiteTeam "TSV/RSK Esslingen"]
[BlackTeam "SF Deizisau"]

1. b3 e5 2. Bb2 Nc6 3. e3 d5 4. Bb5 Bd6 5. f4 Qh4+ 6. g3 Qe7 7. fxe5 Bxe5 8.
Bxe5 Qxe5 9. Nc3 Nf6 10. Nf3 Qh5 11. O-O Bh3 12. Re1 O-O 13. Be2 Bg4 14. Nh4
Bxe2 15. Qxe2 Qxe2 16. Rxe2 Rad8 17. Nf3 Rfe8 18. a3 Ne4 19. Nb5 a6 20. Nbd4
Ne7 21. b4 Nc8 22. d3 Nf6 23. h3 Nd6 24. a4 Nd7 25. Kf2 a5 26. c3 Ra8 27. b5
Nc5 28. Ne1 f6 29. Ra3 Nf7 30. Nb3 Nd7 31. Raa2 Ng5 32. Kg2 Re7 33. Rad2 b6 34.
Nc2 Ne6 35. d4 Ng5 36. Rd3 Ne4 37. Nd2 Nd6 38. Na3 Nf8 39. c4 dxc4 40. Naxc4
Nxc4 41. Nxc4 Ne6 42. Kf2 Rd8 43. Nd2 Kf7 44. Rc3 Rde8 45. Nf3 g5 46. Rec2 h5
47. e4 g4 48. hxg4 hxg4 49. d5 Nc5 50. Rxc5 bxc5 51. Nd2 f5 52. Rxc5 Kf6 53. d6
cxd6 54. Rxf5+ Ke6 55. Nb3 Kd7 56. Nd2 Rc8 57. b6 Rc5 58. Rxc5 dxc5 59. Ke3 Rf7
60. e5 Kc6 61. Ke4 Rd7 62. Nb3 Kxb6 63. e6 Rd1 64. Kf5 c4 65. e7 Re1 66. Nd2
Rxe7 67. Nxc4+ Ka6 68. Ne5 Rb7 69. Nxg4 Rb4 70. Ne5 Rxa4 71. g4 Rxg4 72. Nxg4
a4 73. Ne3 a3 74. Nc2 a2 1/2-1/2

[Event "9. Oeffinger Schachopen"]
[Site "Fellbach-Oeffingen"]
[Date "2018.05.22"]
[Round "7.4"]
[White "Löhr, Markus"]
[Black "Kolb, Roland"]
[Result "1-0"]
[WhiteElo "2200"]
[BlackElo "1952"]
[PlyCount "55"]
[EventDate "2018.??.??"]
[WhiteTeam "SK Schmiden/Cannstatt"]
[BlackTeam "SC Böblingen"]

1. d4 Nf6 2. c4 e6 3. g3 d5 4. Nf3 c5 5. cxd5 exd5 6. Bg2 Nc6 7. O-O Be7 8. Nc3
O-O 9. Bg5 h6 10. Bxf6 Bxf6 11. dxc5 Bxc3 12. bxc3 Be6 13. Nd4 Rc8 14. Rb1 Na5
15. Nxe6 fxe6 16. Qd4 Qc7 17. e4 Qxc5 18. exd5 exd5 19. Bxd5+ Kh8 20. Bxb7 Qxc3
21. Qxa7 Rc7 22. Qa6 Nc4 23. Rbc1 Qd4 24. Bg2 Rf6 25. Qa8+ Kh7 26. Qe4+ Qxe4
27. Bxe4+ g6 28. Bd5 1-0

[Event "9. Oeffinger Schachopen"]
[Site "Fellbach-Oeffingen"]
[Date "2018.05.22"]
[Round "7.5"]
[White "Pfrommer, Martin"]
[Black "Herold, Hansjoerg"]
[Result "1-0"]
[WhiteElo "2002"]
[BlackElo "1961"]
[PlyCount "115"]
[EventDate "2018.??.??"]
[WhiteTeam "SV Schorndorf"]
[BlackTeam "SV Böckingen"]

1. e4 e5 2. Nf3 Nc6 3. Bc4 Bc5 4. c3 Nf6 5. d4 exd4 6. e5 d5 7. Bb5 Ne4 8. cxd4
Bb4+ 9. Bd2 Nxd2 10. Nbxd2 Bd7 11. Be2 O-O 12. a3 Be7 13. O-O a5 14. Qb3 Be8
15. Rac1 a4 16. Qc2 Rc8 17. Bb5 Nxe5 18. Bxa4 Nd3 19. Rb1 Bxa4 20. Qxa4 Nf4 21.
Qb5 Rb8 22. Rfe1 c6 23. Qb3 Bd6 24. g3 Ng6 25. Qd3 Qd7 26. Ne5 Bxe5 27. dxe5
Qh3 28. Qd4 Rfe8 29. f4 Qf5 30. Rbc1 Re7 31. Nf1 Rbe8 32. Ne3 Qd7 33. Qd3 Ra8
34. Nf5 Ree8 35. Nd4 Qc7 36. Kg2 Qb6 37. b4 Qa6 38. b5 cxb5 39. Nxb5 Red8 40.
Red1 Ne7 41. Qb3 Qa4 42. Qxa4 Rxa4 43. Rc7 Nf5 44. Kf3 h5 45. Rxb7 d4 46. Rd3
Rc4 47. Rc7 Rxc7 48. Nxc7 Rb8 49. h3 Rb7 50. Nd5 Kf8 51. Ke4 g6 52. g4 hxg4 53.
hxg4 Nh6 54. Nf6 Ra7 55. Rxd4 Rxa3 56. g5 Nf5 57. Rd8+ Ke7 58. Re8# 1-0

[Event "9. Oeffinger Schachopen"]
[Site "Fellbach-Oeffingen"]
[Date "2018.05.22"]
[Round "7.6"]
[White "Reichenbächer, Thomas"]
[Black "Beckers, Manfred"]
[Result "1-0"]
[WhiteElo "1979"]
[BlackElo "1890"]
[PlyCount "57"]
[EventDate "2018.??.??"]
[WhiteTeam "SVG Konstanz"]
[BlackTeam "SC Plüderhausen"]

1. d4 Nf6 2. Nf3 c5 3. c4 cxd4 4. Nxd4 Nc6 5. g3 g6 6. Bg2 Bg7 7. O-O O-O 8.
Nc3 Qb6 9. Nb3 d6 10. Be3 Qc7 11. Nd5 Qd8 12. Bg5 Nxd5 13. cxd5 Ne5 14. Rc1 h6
15. Be3 Bd7 16. Bd4 Rc8 17. Kh1 Bb5 18. Rxc8 Qxc8 19. f4 Ng4 20. Bxg7 Kxg7 21.
Qd4+ Nf6 22. Rc1 Qd7 23. e4 Qg4 24. e5 Nd7 25. exd6+ e5 26. fxe5 Qe2 27. e6+
Nf6 28. e7 Re8 29. Rf1 1-0